[Event "Rilton Cup 46th"]
[Site "Stockholm"]
[Date "2016.12.27"]
[Round "1"]
[White "Bracker, Frank"]
[Black "Ammoor, Farqad"]
[Result "1-0"]
[WhiteElo "2435"]
[BlackElo "1812"]
[PlyCount "43"]
[EventDate "2016.12.27"]
[EventType "swiss"]
[EventRounds "9"]
[EventCountry "SWE"]
[SourceTitle "CBM 176 Extra"]
[Source "ChessBase"]
[SourceDate "2017.03.02"]
[SourceVersion "1"]
[SourceVersionDate "2017.03.02"]
[SourceQuality "1"]

1. e4 c5 2. Nf3 Nc6 3. d4 cxd4 4. Nxd4 e6 5. Nc3 a6 6. Nxc6 bxc6 7. Bd3 Bc5 8. 0-0 Ne7 9. e5 0-0 10. Qh5 Ng6 11. Ne4 Be7 12. Ng5 Bxg5 13. Bxg5 Qb6 14. Rae1 Qxb2 15. Re3 f5 16. exf6 Rxf6 17. Bxf6 gxf6 18. Bxg6 hxg6 19. Qxg6+ Kf8 20. c3 f5 21. Qf6+ Ke8 22. Rg3 1-0